| 000 | 01655cam a2200289 4500500 | ||
|---|---|---|---|
| 005 | 20251228073528.0 | ||
| 041 | _afre | ||
| 042 | _adc | ||
| 100 | 1 | 0 |
_aAudi, Paul _eauthor |
| 245 | 0 | 0 | _aLacan ironiste |
| 260 | _c2013. | ||
| 500 | _a88 | ||
| 520 | _aQuel est le régime du discours que tient Lacan dans le Séminaire ? Suffit-il de le décrire comme un discours d’analysant pour en définir la teneur ? Ne participe-t-il pas, selon une modalité qui reste évidemment à préciser, des quatre discours dégagés par Lacan et réputés par lui être les seuls possibles ? En se posant ces questions, l’on pourrait peut-être commencer à comprendre quelle est la position éthique qui, aux yeux de Lacan lui-même, préside à la dispensation de son enseignement. | ||
| 520 | _aIronist LacanWhich type of discourse is Lacan’s in his Seminars ? Should we describe it as the discourse of the analysand to define its import, or rather does it not belong, along a modality which needs be clarified, to his four discourses which are supposed to be the only possible ones ? By raising these questions, we may eventually grasp the ethical stance out of which, according to Lacan, originates his teaching. | ||
| 690 | _adiscours | ||
| 690 | _aenseignement | ||
| 690 | _aironie | ||
| 690 | _aLacan | ||
| 690 | _aSéminaire | ||
| 690 | _adiscourse | ||
| 690 | _airony | ||
| 690 | _aLacan | ||
| 690 | _aSeminar | ||
| 690 | _ateaching | ||
| 786 | 0 | _nSavoirs et clinique | 16 | 1 | 2013-02-01 | p. 94-106 | 1634-3298 | |
| 856 | 4 | 1 | _uhttps://shs.cairn.info/revue-savoirs-et-cliniques-2013-1-page-94?lang=fr&redirect-ssocas=7080 |
| 999 |
_c1595398 _d1595398 |
||